[Event "Sunningdale e2e4 op"]
[Site "Ascot"]
[Date "2011.05.27"]
[Round "1"]
[White "Qaderi, Habib"]
[Black "Winter, Kevin"]
[Result "1-0"]
[WhiteElo "2138"]
[BlackElo "1918"]
[PlyCount "93"]
[EventDate "2011.05.27"]
[EventType "swiss"]
[EventRounds "7"]
[EventCountry "ENG"]
[SourceTitle "CBM 142 Extra"]
[Source "ChessBase"]
[SourceDate "2011.06.27"]
[SourceVersion "1"]
[SourceVersionDate "2011.06.27"]
[SourceQuality "1"]

1. e4 c6 2. Nf3 d5 3. exd5 cxd5 4. d4 Nf6 5. Bd3 Nc6 6. Qe2 Qc7 7. c3 Bg4 8. Nbd2 e6 9. Nb3 Bh5 10. Bg5 Be7 11. Bh4 0-0 12. 0-0 Rac8 13. Bg3 Qb6 14. Qe3 Ng4 15. Qf4 Nf6 16. Kh1 Bg6 17. Bxg6 hxg6 18. Bh4 Nh5 19. Qd2 Nf6 20. Bxf6 gxf6 21. Qh6 Rfd8 22. h4 Bf8 23. Qf4 Qc7 24. Qg4 Bh6 25. Rae1 Qf4 26. Qh3 Kg7 27. Nc1 Rh8 28. Kg1 Qd6 29. Nd3 b6 30. Qg4 Ne7 31. Re2 Nf5 32. Rfe1 Rce8 33. Qh3 Kf8 34. g4 Ne7 35. Kg2 Bg7 36. Nh2 Nc6 37. f4 Rg8 38. Kh1 e5 39. fxe5 fxe5 40. dxe5 Nxe5 41. Qg3 f6 42. g5 Rh8 43. gxf6 Bxf6 44. Nxe5 Rxe5 45. Rxe5 Rxh4 46. Re8+ Kg7 47. Qxd6 1-0